=LDR 00000nam 2200000 4500 =001 INLIS000000000015215 =005 20130612110509 =008 ***********************************Ind** =035 ##$$0010-061300000015215 =041 ##$$a Ind =082 ##$$a 628 =090 ##$$a 628, So-t =100 ##$$a Soedjono =245 ##$$a Teknik Penyehatan Mendukung Pelestarian Lingkungan, Soedjono =260 ##$$a 1996 $b Bandung =300 ##$$a III, 60 hlm, Ilus, 21 cm =650 ##$$a Teknik Lingkungan =850 ##$$a NBPNMAT